LEADER 02165nam a2200289 i 4500 001 000000001310 003 CaOOAMICUS 005 20260327092934.0 008 180830s18561862it u000 u lat u 040 $aSeMil$bita 100 1 $aBellarmino, Roberto,$c.$0(OLS)http://semarc/name/1158 245 10$aRoberti cardinalis Bellarmini opera omnia. 250 $aEditio 1. Neapolitana iuxta Venetam anni 1721 dicata eminentiss. cardinali Xisto Riario Sforza archyepiscopo Neapolitano. 260 $aNeapoli :$bApud Josephum Giuliano,$c1856-1862. 300 $a6 v. (in 8 tomi) ;$c30 cm. 650 4$aBellarmino, Roberto - Opere.$0(OLS)http://semarc/subject/479 774 0 $tDisputationum Roberti Bellarmini Politiani S. J. S. R. E. cardinalis de controversiis Christianae fidei adversus hujus temporis haereticos.$g1$w()48395 774 0 $tDisputationum Roberti Bellarmini Politiani S. J. S. R. E. de controversiis christianae fidei adversus hujus temporis haereticos.$g2$w()216422 774 0 $tDisputationum Roberti Bellarmini politiani S. J. S. R. E. cardinalis de controversiis christianae fidei adversus hujus temporis haereticos.$g3$w()216423 774 0 $tDisputationum Roberti Bellarmini politiani S. J. S. R. E. cardinalis de controversiis christianae fidei adversus hujus temporis haereticos.$g4$w()216424 774 0 $tAd disputationes Roberti Bellarmini politiani S. J. S. R. E. cardinalis de controversiis christianae fidei additamenta et opuscula varia polemica.$g4$w()216427 774 0 $tRoberti Bellarmini Politani S. J. S. R. E. cardinalis In psalmos explanatio.$g5$w()216428 774 0 $tRoberti Bellarmini Politani S. J. S. R. E. tit. S. Mariae in Via presbyteri cardinalis Conciones.$g5$w()216429 774 0 $tScriptoribus ecclesiasticis liber unus cum adiunctis indicibus undecim et brevi chronologia ab orbe condito ... Roberto card. Bellarmino e Societate Jesu auctore.$g6$w()216430 996 $6245$aRoberti cardinalis Bellarmini opera omnia$9(OLS)http://semarc/title/2146 996 $6260$aNeapoli :$bApud Josephum Giuliano$9(OLS)http://semarc/publisher/30221